000
00311nam a2200133Ia 4500
005
20251222153618.0
008
251222s9999||||xx |||||||||||||| ||spa||
020
_a
8820920638
082
_a
238.2/C76
245
0
_a
La Verità vi Farà Liberi
250
_a
1ra.ed.
264
_b
Editrice Vaticana
942
_c
LIB
999
_c
31870
_d
31870